20 Famous Peters - Statistics

General Stats
  • This quiz has been taken 27 times
  • The average score is 9 of 20
Answer Stats
Hint Answer % Correct
Flys to Neverland Peter Pan
100%
Spider-Man Peter Parker
77%
Original Pink Panther star Peter Sellers
73%
Guards gates of Heaven Saint Peter
69%
Guitarist for The Who Pete Townshend
62%
Genesis lead singer Peter Gabriel
54%
Director of Lord of the Rings movies Peter Jackson
54%
Father from Quahog Peter Griffin
50%
Tyrion Lannister actor Peter Dinklage
46%
Leader of the Ghostbusters Peter Venkman
42%
Tattooed Hollywood comedien Pete Davidson
38%
Star Lord Peter Quill
38%
Had a wife and couldn't keep her Peter Peter Pumpkin Eater
35%
Baseball player famous for his hustle Pete Rose
31%
Animagus that turns into a rat Peter Pettigrew
31%
Stole from Mr. McGregor's garden Peter Rabbit
27%
Father in Everybody Loves Raymond, and Frankenstein's monster in Young Frankenstein Peter Boyle
19%
12th Dr. Who Peter Capaldi
19%
Ralphie in Christmas Story Peter Billingsly
8%
Fashion designer from North Carolina Peter Millar
4%
No matching quizzes found
Score Distribution
Percent of People with Each Score
Percentile by Number Answered
Your Score History
You have not taken this quiz